000 00416nam a2200169Ia 4500
008 230524s9999 xx 000 0 und d
020 _a9788120327290
082 _a621.382
_bPRA
100 _aRajendra Prasad
245 0 _aFundamentals of Electrical Engineering
250 _a1ST
260 _aNEW DELHI
_bPHI
_c2005
300 _aIX;827
500 _aQuantity Number: 5
650 _aElectrical
942 _cBK
999 _c36842
_d36842